[Event "TUR-ch (Women)"]
[Site "Ayvalik"]
[Date "2022.03.10"]
[Round "8"]
[White "Oztatar, Meleknaz"]
[Black "Tanir, Simay"]
[Result "0-1"]
[WhiteElo "1064"]
[BlackElo "1458"]
[PlyCount "96"]
[EventDate "2022.03.05"]
[EventType "swiss"]
[EventRounds "9"]
[EventCountry "TUR"]
[SourceTitle "EXT 2023"]
[Source "ChessBase"]
[SourceDate "2022.10.05"]
[SourceVersion "1"]
[SourceVersionDate "2022.10.05"]
[SourceQuality "1"]

1. d4 f5 2. c4 e6 3. e3 Nf6 4. Bd3 c6 5. Nc3 d5 6. Nge2 Bd6 7. f3 0-0 8. Qc2 Na6 9. a3 Nc7 10. Bd2 dxc4 11. Bxc4 Kh8 12. 0-0 e5 13. dxe5 Bxe5 14. Rad1 Qe7 15. Kh1 Nfd5 16. e4 Nxc3 17. Bxc3 Bxc3 18. Qxc3 fxe4 19. fxe4 Bg4 20. h3 Bxe2 21. Bxe2 Qxe4 22. Rd7 Rxf1+ 23. Bxf1 Ne6 24. Bd3 Qe3 25. Rxb7 Rd8 26. Qxc6 Qxd3 27. Qf3 Qxf3 28. gxf3 h6 29. Rxa7 Rd1+ 30. Kg2 Rd2+ 31. Kg3 Rxb2 32. a4 Nc5 33. a5 Ra2 34. Kg4 Nb3 35. a6 Nc5 36. Ra8+ Kh7 37. a7 Ne6 38. Re8 Nc7 39. Re7 Rxa7 40. Kf5 Ra5+ 41. Kg4 Nd5 42. Re5 Nf6+ 43. Kf5 Rxe5+ 44. Kxe5 Kg6 45. Kf4 Nd7 46. Kg4 Nc5 47. f4 Nd3 48. h4 h5+ 0-1

[Event "TUR-ch (Women)"]
[Site "Ayvalik"]
[Date "2022.03.05"]
[Round "1"]
[White "Oztatar, Meleknaz"]
[Black "Akat, Elifnaz"]
[Result "0-1"]
[WhiteElo "1064"]
[BlackElo "1689"]
[PlyCount "56"]
[EventDate "2022.03.05"]
[EventType "swiss"]
[EventRounds "9"]
[EventCountry "TUR"]
[SourceTitle "EXT 2023"]
[Source "ChessBase"]
[SourceDate "2022.10.05"]
[SourceVersion "1"]
[SourceVersionDate "2022.10.05"]
[SourceQuality "1"]

1. d4 c5 2. e3 Nf6 3. Nf3 g6 4. c4 Bg7 5. Nc3 0-0 6. a3 cxd4 7. exd4 d5 8. c5 Nc6 9. h3 Re8 10. Be2 Ne4 11. Be3 e5 12. dxe5 Nxc3 13. bxc3 Nxe5 14. Nxe5 Bxe5 15. Bd4 Qg5 16. Kf1 Bd7 17. h4 Qf6 18. g4 Bxd4 19. cxd4 Re4 20. Qb3 Rae8 21. Bf3 Rf4 22. Kg2 Bxg4 23. Bxg4 Rxg4+ 24. Kf1 Rxh4 25. Rxh4 Qxh4 26. Kg2 Qg4+ 27. Qg3 Qxd4 28. Rb1 Qe4+ 0-1